[Event "Titled Tuesday intern op 16th Apr Early"]
[Site "Chess.com INT"]
[Date "2024.04.16"]
[Round "6"]
[White "Manon Og, Ramon Jr"]
[Black "Mena, Martin"]
[Result "1-0"]
[WhiteElo "1970"]
[BlackElo "1971"]
[PlyCount "49"]
[EventDate "2024.04.16"]
[EventType "swiss (blitz)"]
[EventRounds "11"]
[EventCountry "USA"]
[SourceTitle "CB17_2024"]
[SourceDate "2024.04.24"]
[SourceVersion "1"]
[SourceVersionDate "2024.04.24"]
[SourceQuality "1"]

1. e4 c6 2. Nc3 d5 3. Qf3 e6 4. d4 Nf6 5. exd5 cxd5 6. Bd3 Nc6 7. Nge2 Be7 8. 0-0 0-0 9. h3 Nb4 10. Bg5 Nxd3 11. Qxd3 b6 12. f4 Bb7 13. f5 Ne4 14. Bxe7 Qxe7 15. Ng3 exf5 16. Nxf5 Qg5 17. Rae1 g6 18. Ne3 Nxc3 19. Qxc3 f5 20. Qc7 Rf7 21. Qd6 Qf6 22. Qf4 Re8 23. Ng4 Qg7 24. Rxe8+ Rf8 25. Nh6+ 1-0

[Event "Titled Tuesday intern op 02nd Apr Early"]
[Site "Chess.com INT"]
[Date "2024.04.02"]
[Round "4"]
[White "Manon Og, Ramon Jr"]
[Black "Zavgorodniy, Sergiy"]
[Result "0-1"]
[WhiteElo "1970"]
[BlackElo "2379"]
[PlyCount "70"]
[EventDate "2024.04.02"]
[EventType "swiss (blitz)"]
[EventRounds "11"]
[EventCountry "USA"]
[SourceTitle "CB15_2024"]
[SourceDate "2024.04.10"]
[SourceVersion "1"]
[SourceVersionDate "2024.04.10"]
[SourceQuality "1"]

1. e4 c6 2. Nc3 d5 3. Qf3 d4 4. Bc4 e6 5. Nce2 b5 6. Bb3 c5 7. e5 Qc7 8. Qxa8 Bb7 9. Qxa7 Nc6 10. Qxb7 Qxb7 11. c3 Nxe5 12. Kf1 d3 13. Nf4 c4 14. Bd1 Nf6 15. Nf3 Bd6 16. Nxe5 Bxe5 17. Bf3 Qc7 18. Nh3 0-0 19. a4 bxa4 20. Rxa4 h6 21. g3 g5 22. Ng1 g4 23. Bg2 h5 24. h3 Qc5 25. hxg4 hxg4 26. Rh4 Qb5 27. Ra7 Qb3 28. Ke1 Qc2 29. Ra1 Rb8 30. Bc6 Rxb2 31. Bxb2 Qxb2 32. Rd1 Qb6 33. Bg2 Bxg3 34. Rxg4+ Nxg4 35. Nh3 Nxf2 0-1

[Event "Foxwoods op 16th"]
[Site "Ledyard"]
[Date "2024.03.30"]
[Round "7"]
[White "Manon Og, Ramon Jr"]
[Black "Morales Santos, Natasha"]
[Result "0-1"]
[WhiteElo "1970"]
[BlackElo "1947"]
[PlyCount "120"]
[EventDate "2024.03.27"]
[EventType "swiss"]
[EventRounds "9"]
[EventCountry "USA"]
[SourceTitle "CB14_2024"]
[SourceDate "2024.04.01"]
[SourceVersion "1"]
[SourceVersionDate "2024.04.01"]
[SourceQuality "1"]

1. e4 c5 2. Nf3 d6 3. Bb5+ Bd7 4. Bxd7+ Qxd7 5. c4 Nf6 6. Nc3 Nc6 7. d3 g6 8. 0-0 Bg7 9. a3 0-0 10. Bg5 Ne8 11. Qd2 Nc7 12. Bh6 Ne6 13. Bxg7 Kxg7 14. Rab1 Ncd4 15. Nxd4 Nxd4 16. b4 b6 17. Ne2 Nxe2+ 18. Qxe2 f5 19. e5 f4 20. f3 Rf5 21. e6 Qc6 22. Rfe1 Raf8 23. Qb2+ R8f6 24. d4 cxd4 25. Qxd4 Re5 26. Rxe5 dxe5 27. Qxe5 Qxe6 28. Re1 Qxe5 29. Rxe5 Kf7 30. a4 Rd6 31. Kf2 Kf6 32. Re2 e5 33. Rc2 Ke6 34. Ke2 Rd4 35. Rc3 a5 36. bxa5 bxa5 37. c5 Kd7 38. c6+ Kc7 39. Rc5 Rxa4 40. Rxe5 Kxc6 41. Re7 Rd4 42. Rxh7 a4 43. Ra7 Kb5 44. g3 Kb4 45. gxf4 Rxf4 46. Rb7+ Kc3 47. Rg7 a3 48. Rxg6 a2 49. Ke3 Ra4 50. Rg1 a1Q 51. Rxa1 Rxa1 52. f4 Kc4 53. Ke4 Rh1 54. f5 Re1+ 55. Kf4 Kd5 56. h4 Rf1+ 57. Kg5 Ke5 58. h5 Rg1+ 59. Kh6 Kxf5 60. Kh7 Kg5 0-1

[Event "Titled Tuesday intern op 12th Mar Early"]
[Site "Chess.com INT"]
[Date "2024.03.12"]
[Round "5"]
[White "Manon Og, Ramon Jr"]
[Black "Moskalenko, Alexander"]
[Result "0-1"]
[WhiteElo "1970"]
[BlackElo "2430"]
[PlyCount "144"]
[EventDate "2024.03.12"]
[EventType "swiss (blitz)"]
[EventRounds "11"]
[EventCountry "USA"]
[SourceTitle "CB12_2024"]
[SourceDate "2023.10.01"]
[SourceVersion "1"]
[SourceVersionDate "2023.10.01"]
[SourceQuality "1"]

1. e4 c5 2. Nf3 d6 3. Bb5+ Nd7 4. a4 a6 5. Be2 Ngf6 6. Nc3 g6 7. 0-0 Bg7 8. d4 cxd4 9. Nxd4 0-0 10. Bg5 Qc7 11. Qd2 b6 12. Bh6 Bb7 13. Bxg7 Kxg7 14. Bf3 Ne5 15. Qe2 Rac8 16. Rad1 Qc4 17. Qe3 Nxf3+ 18. gxf3 Qc5 19. Kh1 Rfd8 20. Rg1 Kg8 21. Rg5 e5 22. Qe2 Qc4 23. Qxc4 Rxc4 24. Nf5 d5 25. Ne7+ Kf8 26. Nexd5 Nxd5 27. exd5 f6 28. Rgg1 b5 29. axb5 axb5 30. Rd2 b4 31. Ne4 Ke7 32. Ra1 f5 33. Ng5 h6 34. Ra7 Rd7 35. d6+ Kf6 36. Rxb7 Rxb7 37. d7 Rxd7 38. Rxd7 Kxg5 39. Rd2 Kf4 40. Kg2 g5 41. Re2 h5 42. h3 Rd4 43. c3 bxc3 44. bxc3 Rd3 45. Rc2 Rxf3 46. c4 Ra3 47. c5 Ra7 48. c6 Rc7 49. f3 e4 50. fxe4 Kxe4 51. Kf2 Kd5 52. Kg3 h4+ 53. Kf3 Rxc6 54. Rg2 Rc3+ 55. Kf2 Rc2+ 56. Kg1 Rxg2+ 57. Kxg2 Ke4 58. Kf2 g4 59. hxg4 fxg4 60. Kg2 Ke3 61. Kh2 Kf3 62. Kg1 Kg3 63. Kh1 Kh3 64. Kg1 g3 65. Kh1 Kg4 66. Kg2 h3+ 67. Kh1 Kf3 68. Kg1 g2 69. Kh2 Kf2 70. Kxh3 g1Q 71. Kh4 Qg6 72. Kh3 Qg3# 0-1

[Event "Titled Tuesday intern op 06th Feb Early"]
[Site "Chess.com INT"]
[Date "2024.02.06"]
[Round "3"]
[White "Vlassov, Nikolai"]
[Black "Manon Og, Ramon Jr"]
[Result "1-0"]
[WhiteElo "2299"]
[BlackElo "1950"]
[PlyCount "37"]
[EventDate "2024.02.06"]
[EventType "swiss (blitz)"]
[EventRounds "11"]
[EventCountry "USA"]
[SourceTitle "CB07_2024"]
[SourceDate "2024.02.14"]
[SourceVersion "1"]
[SourceVersionDate "2024.02.14"]
[SourceQuality "1"]

1. e4 c5 2. c3 Nf6 3. e5 Nd5 4. d4 cxd4 5. cxd4 e6 6. Nc3 Nxc3 7. bxc3 d6 8. f4 dxe5 9. fxe5 Qh4+ 10. Ke2 b6 11. Nf3 Ba6+ 12. Ke3 Qg4 13. Bxa6 Nd7 14. Bb5 Rd8 15. Kf2 Be7 16. Bd3 0-0 17. h3 Bh4+ 18. Kg1 Qh5 19. g4 1-0

[Event "Titled Tuesday intern op 16th Jan Early"]
[Site "Chess.com INT"]
[Date "2024.01.16"]
[Round "5"]
[White "Manon Og, Ramon Jr"]
[Black "Bartel, Michal"]
[Result "0-1"]
[WhiteElo "1950"]
[BlackElo "2246"]
[PlyCount "124"]
[EventDate "2024.01.16"]
[EventType "swiss (blitz)"]
[EventRounds "11"]
[EventCountry "USA"]
[SourceTitle "CB04_2024"]
[SourceDate "2023.10.16"]
[SourceVersion "1"]
[SourceVersionDate "2023.10.16"]
[SourceQuality "1"]

1. e4 e5 2. Nf3 Nc6 3. Bc4 g6 4. 0-0 Bg7 5. c3 Nge7 6. d4 d6 7. Bg5 h6 8. Bh4 g5 9. Bg3 g4 10. Nh4 exd4 11. Nf5 Nxf5 12. exf5 Bxf5 13. Re1+ Kf8 14. cxd4 Nxd4 15. Nc3 c6 16. Ne2 Nc2 17. Bxd6+ Kg8 18. Ng3 Bg6 19. Re7 Nxa1 20. Nf5 Bxf5 21. Rxf7 Kh7 22. Rxf5 Re8 23. Rf7 Kh8 24. Qxg4 Re1+ 25. Bf1 Qg5 26. Qc4 Rae8 27. h4 Qg6 28. Rf3 Qxd6 29. Rg3 Qe7 30. Kh2 Rxf1 31. Qxf1 Nc2 32. Qc4 Nd4 33. Kh3 Qe6+ 34. Qxe6 Nxe6 35. Rb3 b6 36. g3 Rf8 37. f4 Nd4 38. Ra3 Rf7 39. Rc3 c5 40. b4 Nf5 41. Rc4 cxb4 42. Rxb4 Rd7 43. Kg4 Ne3+ 44. Kf3 Nd5 45. Rc4 Rc7 46. Re4 Rc2 47. Re8+ Kh7 48. Rd8 Rxa2 49. Rxd5 Ra3+ 50. Kg4 a5 51. Rd7 Ra1 52. f5 Rf1 53. Rd6 b5 54. Ra6 a4 55. Rb6 Rb1 56. f6 Bf8 57. h5 a3 58. Rb7+ Kg8 59. Kf5 a2 60. Kg6 a1Q 61. Rh7 Qxf6+ 62. Kxf6 Kxh7 0-1

[Event "Titled Tuesday intern op 09th Jan Early"]
[Site "Chess.com INT"]
[Date "2024.01.09"]
[Round "4"]
[White "Batsiashvili, Nino"]
[Black "Manon Og, Ramon Jr"]
[Result "0-1"]
[WhiteElo "2451"]
[BlackElo "1950"]
[PlyCount "68"]
[EventDate "2024.01.09"]
[EventType "swiss (blitz)"]
[EventRounds "11"]
[EventCountry "USA"]
[SourceTitle "CB03_2024"]
[SourceDate "2024.01.17"]
[SourceVersion "1"]
[SourceVersionDate "2024.01.17"]
[SourceQuality "1"]

1. e4 c5 2. Nf3 d6 3. c3 Nf6 4. Bd3 Bg4 5. h3 Bh5 6. 0-0 Nc6 7. Be2 Nxe4 8. d4 cxd4 9. cxd4 d5 10. Nc3 Nxc3 11. bxc3 e6 12. Rb1 Qc7 13. Qb3 b6 14. Qa4 Bd6 15. g4 Bg6 16. Bb5 Rc8 17. Rb2 Be4 18. Ne5 Bxe5 19. dxe5 0-0 20. f3 Bg6 21. f4 Na5 22. Bd2 Qc5+ 23. Kh2 Be4 24. Rb4 h6 25. Rd4 Rfd8 26. Ba6 Rc7 27. Kg3 Bc2 28. Qb5 Nc4 29. Rc1 Nxd2 30. Rxc2 Ne4+ 31. Kf3 Qa3 32. Rd3 Nxc3 33. h4 d4 34. f5 Nxb5 0-1

[Event "Titled Tuesday intern op 09th Jan Early"]
[Site "Chess.com INT"]
[Date "2024.01.09"]
[Round "7"]
[White "Manon Og, Ramon Jr"]
[Black "Bodnaruk, Anastasia"]
[Result "0-1"]
[WhiteElo "1950"]
[BlackElo "2340"]
[PlyCount "22"]
[EventDate "2024.01.09"]
[EventType "swiss (blitz)"]
[EventRounds "11"]
[EventCountry "USA"]
[SourceTitle "CB03_2024"]
[SourceDate "2024.01.17"]
[SourceVersion "1"]
[SourceVersionDate "2024.01.17"]
[SourceQuality "1"]

1. e4 c5 2. Nf3 d6 3. Bb5+ Bd7 4. Bxd7+ Qxd7 5. c4 Nf6 6. Nc3 Nc6 7. d4 cxd4 8. Nxd4 g6 9. 0-0 Bg7 10. Be3 Ng4 11. Qxg4 Qxg4 0-1

[Event "Titled Tuesday intern op 09th Jan Early"]
[Site "Chess.com INT"]
[Date "2024.01.09"]
[Round "6"]
[White "Potkin, Vladimir"]
[Black "Manon Og, Ramon Jr"]
[Result "1-0"]
[WhiteElo "2555"]
[BlackElo "1950"]
[PlyCount "69"]
[EventDate "2024.01.09"]
[EventType "swiss (blitz)"]
[EventRounds "11"]
[EventCountry "USA"]
[SourceTitle "CB03_2024"]
[SourceDate "2024.01.17"]
[SourceVersion "1"]
[SourceVersionDate "2024.01.17"]
[SourceQuality "1"]

1. Nf3 Nf6 2. c4 g6 3. Nc3 c5 4. d4 cxd4 5. Nxd4 Bg7 6. e4 d6 7. Be2 Nc6 8. Be3 0-0 9. 0-0 Ne5 10. h3 Bd7 11. f4 Nc6 12. Rc1 Qb6 13. Nf5 Qxb2 14. Nxg7 Kxg7 15. e5 Ne8 16. Nd5 dxe5 17. Rb1 Qxa2 18. Rxb7 Bc8 19. Rxe7 Nxe7 20. Nxe7 Bb7 21. fxe5 Qa3 22. Bg5 Qc5+ 23. Rf2 Qxe5 24. Qc1 Kh8 25. Qa3 Ng7 26. Bf6 Qe6 27. Qb2 h5 28. Bxg7+ Kh7 29. Bxf8 Rxf8 30. Qxb7 Re8 31. Nd5 Kg7 32. Qb2+ Kh6 33. Bf1 Rc8 34. Rf6 Qd7 35. Qd2+ 1-0

[Event "Titled Tuesday intern op 14th Nov Early"]
[Site "Chess.com INT"]
[Date "2023.11.14"]
[Round "11"]
[White "Kiseleva, Simona"]
[Black "Manon Og, Ramon Jr"]
[Result "0-1"]
[WhiteElo "2174"]
[BlackElo "1966"]
[PlyCount "90"]
[EventDate "2023.11.14"]
[EventType "swiss (blitz)"]
[EventRounds "11"]
[EventCountry "USA"]
[SourceTitle "CB47_2023"]
[SourceDate "2023.11.22"]
[SourceVersion "1"]
[SourceVersionDate "2023.11.22"]
[SourceQuality "1"]

1. d4 Nf6 2. c4 g6 3. Nc3 d5 4. cxd5 Nxd5 5. Bd2 Nxc3 6. Bxc3 Bg7 7. e4 c5 8. d5 Bxc3+ 9. bxc3 Qa5 10. Qd2 0-0 11. Nf3 Bg4 12. Be2 Nd7 13. c4 Qa4 14. Qc3 Bxf3 15. gxf3 f6 16. h4 Rae8 17. h5 g5 18. f4 h6 19. e5 b5 20. e6 Nb6 21. Qd3 Qb4+ 22. Kf1 f5 23. fxg5 Qxc4 24. Qg3 Qd4 25. gxh6+ Kh8 26. Rd1 Qf6 27. Bxb5 Rg8 28. Qe3 Rc8 29. Bc6 Nc4 30. Qe2 Ne5 31. Rg1 Rxg1+ 32. Kxg1 Rg8+ 33. Kf1 f4 34. Qe4 f3 35. Re1 Rg5 36. Re3 Qxh6 37. d6 Qxh5 38. Ke1 Nxc6 39. Qxc6 Rd5 40. Qxd5 Qxd5 41. d7 c4 42. Rxf3 Qxe6+ 43. Kd2 Qxd7+ 44. Kc3 Qd5 45. Rf4 Qd3+ 0-1

[Event "Titled Tuesday intern op 12th Sep Early"]
[Site "Chess.com INT"]
[Date "2023.09.12"]
[Round "2"]
[White "Manon Og, Ramon Jr"]
[Black "Tabuenca Mendataurigoitia, Daniel"]
[Result "0-1"]
[WhiteElo "1966"]
[BlackElo "2374"]
[PlyCount "124"]
[EventDate "2023.09.12"]
[EventType "swiss (blitz)"]
[EventRounds "11"]
[EventCountry "USA"]
[SourceTitle "EXT 2024"]
[Source "ChessBase"]
[SourceDate "2023.10.10"]
[SourceVersion "1"]
[SourceVersionDate "2023.10.10"]
[SourceQuality "1"]

1. e4 Nc6 2. Nf3 d6 3. d4 Nf6 4. Nc3 g6 5. Bb5 a6 6. Bc4 Bg7 7. 0-0 0-0 8. h3 Nxe4 9. Nxe4 d5 10. Bd3 dxe4 11. Bxe4 Nxd4 12. Nxd4 Qxd4 13. Qe2 c6 14. Rd1 Qe5 15. Qf3 Be6 16. c3 Rfd8 17. Bf4 Qb5 18. b3 Qc5 19. Rac1 h6 20. Qe2 Bd5 21. Bb1 e5 22. Bxe5 Re8 23. Bd4 Bxd4 24. cxd4 Rxe2 25. dxc5 Rae8 26. Kf1 f5 27. Rc2 Rxc2 28. Bxc2 Kf7 29. g3 Re5 30. f4 Re3 31. Kf2 Rc3 32. Bd3 Rxc5 33. Ke3 a5 34. Kd4 b6 35. Re1 Be6 36. Bc4 Bxc4 37. bxc4 a4 38. g4 fxg4 39. hxg4 h5 40. g5 Rf5 41. Re4 h4 42. Ke3 b5 43. Kf3 b4 44. Kg4 a3 45. Kxh4 Ra5 46. Kg4 b3 47. axb3 a2 48. Re1 a1Q 49. Rxa1 Rxa1 50. f5 gxf5+ 51. Kxf5 Rb1 52. g6+ Ke7 53. Ke5 Rxb3 54. Kd4 Rg3 55. g7 Rxg7 56. Kc5 Kd7 57. Kb6 Rg4 58. c5 Rb4+ 59. Ka6 Rb5 60. Ka7 Kc8 61. Ka6 Kc7 62. Ka7 Ra5# 0-1

[Event "Titled Tuesday intern op 01st Aug Late"]
[Site "Chess.com INT"]
[Date "2023.08.01"]
[Round "5"]
[White "Besou, Hussain"]
[Black "Manon Og, Ramon Jr"]
[Result "1-0"]
[WhiteElo "2364"]
[BlackElo "1966"]
[PlyCount "83"]
[EventDate "2023.08.01"]
[EventType "swiss (blitz)"]
[EventRounds "11"]
[EventCountry "USA"]
[SourceTitle "EXT 2024"]
[Source "ChessBase"]
[SourceDate "2023.10.10"]
[SourceVersion "1"]
[SourceVersionDate "2023.10.10"]
[SourceQuality "1"]

1. e4 c5 2. Nf3 d6 3. d4 cxd4 4. Nxd4 Nf6 5. Nc3 a6 6. Bg5 e6 7. f4 Be7 8. Qf3 Nbd7 9. 0-0-0 Qc7 10. g4 0-0 11. Bh4 b5 12. g5 Ne8 13. f5 Ne5 14. Qh3 b4 15. Nce2 exf5 16. exf5 f6 17. Bg2 Rb8 18. Bd5+ Kh8 19. g6 h6 20. Nf4 Qa5 21. Kb1 Nc7 22. Bb3 Nb5 23. Nfe6 Bxe6 24. Nxe6 Rfc8 25. Be1 Nc3+ 26. bxc3 bxc3 27. Ka1 Nc4 28. Qxc3 Qxf5 29. Nd4 Qe4 30. Bf2 Na3 31. Qe3 Qxe3 32. Bxe3 f5 33. Bc1 Nc4 34. Rhe1 Bf6 35. c3 Na5 36. Bb2 Nxb3+ 37. Nxb3 Rxc3 38. Bxc3 Bxc3+ 39. Kb1 Bxe1 40. Rxe1 a5 41. Kc2 a4 42. Nd4 1-0